| 000 | 00338nam a2200145Ia 4500 | ||
|---|---|---|---|
| 999 |
_c8667 _d8667 |
||
| 020 | _a9788131607152 | ||
| 082 | _a911 HUS-; | ||
| 100 | _aHusain, Majid | ||
| 245 | 0 | _aEvolution of geographical thought | |
| 250 | _a6th. rev. ed. | ||
| 260 |
_aJaipur _bRawat Publications _c2015 |
||
| 300 | _axx, 443p | ||
| 650 | _aGEOGRAPHY | ||
| 942 | _cBK | ||